00629nam a22002177a 450000500170000001000130001702000230003003500130005303700160006604000120008208200130009410000220010724500850012926000400021427000430025430000250029750000200032265000200034265000180036270000310038020170124110029.0 aB-231031 c175.00a8189781162 aB-231031 bCen Lib/Ret aDPLbEN a512bGAN aGanguly, Sobhakar aTreatise on basic algebra /cby Sobhakar Ganguly [and] Manabendra NAth Mukherjee aKolkatabAcademic publishers c2007 bKolkataa11 Panchan ghosh lanee700009 aviii,562p.c23cm(Hb) aIncludes index  aLinear algebra  aMathematics  aMukherjee, Manabendra Nath